00427 a2200157 4500001000700000020001800007041000800025082001700033100002400050300001000074700003300084856002400117040002500141245007000166260003300236110171 a9780133126051 apor aP Year 3 500 aAspen-Baxter, Linda a205 p aAspen-Baxter, Linda [et.al.] u000018/00001899.jpg aBR-BrIDEAcBR-BrIDEA10aPearson science 3bSaskatchewan editioncLinda Aspen-Baxter et al a[S.l.]bPearson Canadac2013